Fiebre / (Registro nro. 2787)

Detalles MARC
000 -LEADER
fixed length control field 01152nam a2200205 a 4500
008 - CAMPO DE CONTROL (LIBRO)
fixed length control field 180524t2002 ag ||||g |||| 000 f spa d
020 ## - INTERNATIONAL STANDARD BOOK NUMBER
ISBN 950041807-X
041 ## - CODIGO DE IDIOMA
Código de idioma del texto/pista de sonido o título separado spa
092 ## - SIGNATURA TOPOGRAFICA DEWEY LOCAL
número de clasificación 808
libristica 13
sección COO
100 1# - ENTRADA PRINCIPAL--NOMBRE PERSONAL
Nombre personal Cook, Robin
9 (RLIN) 3090
245 ## - TITULO PROPIAMENTE DICHO
Título Fiebre /
Mención de responsabilidad y remanente de la transcripción de la portada Robin Cook
250 ## - MENCION DE EDICION
Mención de edición 1a ed.
Mención de responsabilidad relacionada con la ed. Traducción Rolando Costa Picazo
260 ## - PIE DE IMPRENTA
Lugar de publicación, distribución, etc Buenos Aires:
Nombre de la editorial, distribuidor, etc Emecé,
Fecha de publicación 2002.
300 ## - DESCRIPCION FISICA
Extension 384 p.
500 ## - NOTA GENERAL
Nota general Cook, R. (2002). Fiebre. (1a ed.). Buenos Aires : Booket.
505 ## - NOTA DE CONTENIDO
Nota de contenido formateada El cáncer parece una pesadilla inexorable en la vida del doctor Martel. El terrible mal se abate una y otra vez sobre su familia, hasta que se apodera también de su hija de doce años de edad. Cuando el revolucionario proyecto de curación que investiga es cancelado, Martel se propone salvar la vida de su hija a pesar de todo. La febril investigación lo enfrenta con los intereses de la industria, cuyas drogas y terapias son, a su juicio, inútiles y perjudiciales. Una vasta y misteriosa conspiración pone, finalmente, en peligro su propia vida.
590 ## - NOTAS LOCALES (RLIN)
Nota local Proyecto 4to Libro. Donación Victoria Lara, Mayo 2018.
655 ## - MATERIA - GENERO/FORMA
Género/Forma Novela
-- 3091
942 ## - ADDED ENTRY ELEMENTS (KOHA)
Source of classification or shelving scheme Dewey Decimal Classification
Item type LITERATURA
Existencias
Estado de retiro Existencia Fuente de clasificación Estado general No para prestamo Colección Ubicación permanente ubicación actual Sala de ubicación Fecha de adquisición Fuente de adquisición Total Checkouts Total Renewals Número de clasificación Código de barras Date last seen Date last borrowed Número de ejemplar Price effective from Koha tipo de elemento (item) Public note
    Dewey Decimal Classification     Fiction Biblioteca Medicina Biblioteca Medicina Circulación 24/05/2018 Proyecto 4to Libro. Donación Victoria Lara, Mayo 2018. 4 1 808 13 COO 4276 04/10/2023 19/09/2023 Ej. 1 24/05/2018 LITERATURA Proyecto 4to Libro. Donación Victoria Lara, Mayo 2018.

UNIVERSIDAD NACIONAL DEL COMAHUE
Biblioteca de la Facultad de Ciencias Médicas
Sede Toschi: Los Arrayanes y Av. Toschi, Cipolletti  - Rio Negro
Sede Los Tordos:  Yrigoyen al 2211, Cipolletti - Rio Negro 

Teléfono: 0299 - 4774707 int 25
Contacto: biblioteca@facimed.uncoma.edu.ar
© 2011 - 2026